Language Quiz

Random Language or Typing Quiz

15 Seconds: Question Words Quiz Stats

 Plays Quiz Updated May 17, 2020

Support Sporcle.
Go Orange.
Score 0/6 Timer 00:15
1 Play Today
Question Word % Correct
What
96.1%
Who
96%
When
95.5%
Where
94.9%
Why
92.9%
How
91.2%

You're not logged in!

Compare scores with friends on all Sporcle quizzes.
OR
Log In

From the Vault

The 12 Apostles of Jesus

by sproutcm

Despite what the movie Dogma says, we're not going to include Rufus.
Remove Ads.
Support Sporcle.
Get the best of Sporcle when you Go Orange. This ad-free experience offers more features, more stats, and more fun while also helping to support Sporcle. Thank you for becoming a member.

Show Comments

Extras

Top Quizzes Today


Score Distribution

Your Account Isn't Verified!

In order to create a playlist on Sporcle, you need to verify the email address you used during registration. Go to your Sporcle Settings to finish the process.

Report this User

Report this user for behavior that violates our Community Guidelines.

Details: